000
00277nam a22001217a 4500
082
_a
658
_b
OSW/B
100
_a
OSWAAL
245
_a
BUSINESS STUDIES XII
246
_a
BUSINESS STUDIES XII
_b
BUSINESS STUDIES XII
260
_a
NEWDELHI
_b
OSWAAL
_c
2023
300
_a
303
942
_c
BK
999
_c
8484
_d
8484